Organización y burocracia (Registro nro. 8350)

Detalles MARC
000 -LEADER
fixed length control field 01093 a2200217 4500
001 - CONTROL NUMBER
control field 63909
005 - DATE AND TIME OF LATEST TRANSACTION
control field 20260407155938.0
008 - FIXED-LENGTH DATA ELEMENTS--GENERAL INFORMATION
fixed length control field 260407a1973 arg spa d
003 - CONTROL NUMBER IDENTIFIER
control field AR-UNSa-BCEJYS
040 ## - CATALOGING SOURCE
Original cataloging agency AR-UNSa-BCEJYS
Language of cataloging spa
Transcribing agency AR-UNSa-BCEJYS
080 ## - UNIVERSAL DECIMAL CLASSIFICATION NUMBER
Universal Decimal Classification number 323.37
Common auxiliary subdivision Funcionarios (burocracia)
020 ## - INTERNATIONAL STANDARD BOOK NUMBER
International Standard Book Number 978-84-297-0873-8
041 ## - LANGUAGE CODE
Language code of text/sound track or separate title spa
100 1# - MAIN ENTRY--PERSONAL NAME
Personal name Mouzelis, Nicos P.
245 10 - TITLE STATEMENT
Title Organización y burocracia
Name of part/section of a work Un análisis de las teorías modernas sobre organizaciones sociales
264 #1 - PRODUCTION, PUBLICATION, DISTRIBUTION, MANUFACTURE, AND COPYRIGHT NOTICE
Place of production, publication, distribution, manufacture Barcelona :
Name of producer, publisher, distributor, manufacturer Ediciones Península
Date of production, publication, distribution, manufacture, or copyright notice 1973
300 ## - PHYSICAL DESCRIPTION
Extent 233 p.
Dimensions 20 cm.
505 ## - FORMATTED CONTENTS NOTE
Formatted contents note 1. Aproximación clásica al estudio de la burocracia – 2. El tipo ideal de burocracia – 3. Teorías de postweberianas sobre la burocracia – 4. Taylorismo y teorías formales de la administración – 5. La escuela de las relaciones humanas: su aproximación al estudio de la organización – 6. Teoría de la organización: la adopción de decisiones en los contextos organizacionales – 7. Hacia una ampliación del objetivo –
590 ## - LOCAL NOTE (RLIN)
Local note niveau_biblio:m niveau_hierar:0
942 ## - ADDED ENTRY ELEMENTS (KOHA)
Koha item type
Existencias
Withdrawn status Lost status Damaged status Not for loan Home library Current library Shelving location Date acquired Total checkouts Full call number Barcode Date last seen Price effective from Koha item type
        Biblioteca Prof. Eusebio Cleto del Rey Biblioteca Prof. Eusebio Cleto del Rey   07/04/2026   323.37 M924 L25067 07/04/2026 07/04/2026 Libro
        Biblioteca Prof. Eusebio Cleto del Rey Biblioteca Prof. Eusebio Cleto del Rey   07/04/2026   323.37 M924 L25068 07/04/2026 07/04/2026 Libro
        Biblioteca Prof. Eusebio Cleto del Rey Biblioteca Prof. Eusebio Cleto del Rey   07/04/2026   323.37 M924 L25069 07/04/2026 07/04/2026 Libro
        Biblioteca Prof. Eusebio Cleto del Rey Biblioteca Prof. Eusebio Cleto del Rey   07/04/2026   323.37 M924 L26133 07/04/2026 07/04/2026 Libro
        Biblioteca Prof. Eusebio Cleto del Rey Biblioteca Prof. Eusebio Cleto del Rey   07/04/2026   323.37 M924 L26134 07/04/2026 07/04/2026 Libro
        Biblioteca Prof. Eusebio Cleto del Rey Biblioteca Prof. Eusebio Cleto del Rey   07/04/2026   323.37 M924 L26135 07/04/2026 07/04/2026 Libro